Nejnovější trend automatické identifikace
Technológia RFID ako najnovší trend v automatickej indentifikácii. Dva významy skratky RFID: rádiofrekvenčná výmena dát a rádiofrekvenčná identifikácia. Využitie technológie RFID na riadenie materiálových tokov. Transpondery, častejšie nazývané tagy, a ich delenie na pasívne a aktívne tagy. Výhody p...
Gespeichert in:
| 1. Verfasser: | |
|---|---|
| Weitere Verfasser: | |
| Format: | Buchkapitel |
| Sprache: | Tschechisch |
| Schlagworte: | |
| Tags: |
Keine Tags, Fügen Sie das erste Tag hinzu!
|
MARC
| LEADER | 00000naa$a2200000$$$4500 | ||
|---|---|---|---|
| 001 | 0037775 | ||
| 005 | 20231113115155.8 | ||
| 041 | 0 | |a cze | |
| 044 | |a CZ | ||
| 245 | 1 | 0 | |a Nejnovější trend automatické identifikace |c Václav Cempírek, Petr Bílek |
| 520 | |a Technológia RFID ako najnovší trend v automatickej indentifikácii. Dva významy skratky RFID: rádiofrekvenčná výmena dát a rádiofrekvenčná identifikácia. Využitie technológie RFID na riadenie materiálových tokov. Transpondery, častejšie nazývané tagy, a ich delenie na pasívne a aktívne tagy. Výhody použitia polymérových tagov. | ||
| 610 | 2 | 0 | |a identifikácia automatická |
| 610 | 2 | 0 | |a tok materiálu |
| 610 | 2 | 0 | |a tovar |
| 610 | 2 | 0 | |a hospodárstvo skladové |
| 610 | 2 | 0 | |a logistika |
| 610 | 2 | 0 | |a spracovanie dát |
| 610 | 2 | 0 | |a snímače |
| 610 | 2 | 0 | |a technológie informačné |
| 100 | 1 | |a Cempírek, Václav | |
| 700 | 1 | |a Bílek, Petr | |